000 00570nam a2200181Ia 4500
003 GCL
008 140319s9999 xx 000 0 eng d
040 _aGCL /
_cGCL
082 0 4 _a610.72
_bA O
100 1 _aACADEMY EDITIONS
245 1 0 _aONGOING RESEARCH PROJECTS MEDICAL SCIENCES 1982 - 1983 /
_cACADEMY EDITIONS
700 1 _aACADEMY OF SCIENTIFIC RESEARCH AND TECHNOLOGY
260 _a[S.N] :
_bACADEMY OF SCIENTIFIC RESEARCH AND TECHNOLOGY ،
_c1983
300 _a351 P
650 0 4 _aRESEARCH - MEDICAL SCIENCE
650 0 4 _aMEDICAL SCIENCE
942 _2ddc
_cBK
999 _c12107
_d12107